书目信息 |
| 题名: |
全球对话主义
|
|
| 作者: | 金惠敏 著 | |
| 分册: | ||
| 出版信息: | 北京 北京大学出版社 2025.06 |
|
| 页数: | 301页 | |
| 开本: | 23cm | |
| 丛书名: | ||
| 单 册: | ||
| 中图分类: | G05-53 | |
| 科图分类: | ||
| 主题词: | 文化学--政治学--文集 | |
| 电子资源: | ||
| ISBN: | 978-7-301-35983-9 | |
| 000 | 01109nam0 2200253 450 | |
| 001 | 013562975 | |
| 005 | 20251022184004.82 | |
| 010 | @a978-7-301-35983-9@dCNY98.00 | |
| 100 | @a20250417d2025 em y0chiy0120 ea | |
| 101 | 0 | @achi |
| 102 | @aCN@b110000 | |
| 105 | @ay z 000yy | |
| 106 | @ar | |
| 200 | 1 | @a全球对话主义@9quan qiu dui hua zhu yi@dGlobal dialogism@f金惠敏著@zeng |
| 205 | @a2版 | |
| 210 | @a北京@c北京大学出版社@d2025.06 | |
| 215 | @a301页@d23cm | |
| 330 | @a本书提出“全球对话主义”,重新阐释了“全球”和“对话”两个关键术语,以及一些围绕它们的相关理论话语,如普遍性、特殊性、球域化、世界文学、民族文学、文化霸权、世界主义、对话自我、他者、差异、独异、知识、想象共同体、星丛共同体、后现代主义、后殖民主义、汉学主义、文化多元主义等。此论之核心创新在于以自铸概念“间在”揭橥“对话”性质,故“全球对话主义”亦可称为“间在对话主义”,代表国际范围内对话理论发展的一个新阶段。 | |
| 510 | 1 | @aGlobal dialogism@zeng |
| 606 | 0 | @a文化学@x政治学@j文集 |
| 690 | @aG05-53@v5 | |
| 701 | 0 | @a金惠敏@9jin hui min@4著 |
| 801 | 0 | @aCN@c20250910 |
| 905 | @a河南城建学院图书馆@dG05@eJ774=2@ZJ774=2@f1 | |
| 全球对话主义=Global dialogism/金惠敏著.-2版.-北京:北京大学出版社,2025.06 |
| 301页;23cm |
| ISBN 978-7-301-35983-9:CNY98.00 |
| 本书提出“全球对话主义”,重新阐释了“全球”和“对话”两个关键术语,以及一些围绕它们的相关理论话语,如普遍性、特殊性、球域化、世界文学、民族文学、文化霸权、世界主义、对话自我、他者、差异、独异、知识、想象共同体、星丛共同体、后现代主义、后殖民主义、汉学主义、文化多元主义等。此论之核心创新在于以自铸概念“间在”揭橥“对话”性质,故“全球对话主义”亦可称为“间在对话主义”,代表国际范围内对话理论发展的一个新阶段。 |
| ● |
| 相关链接 |
|
|
|
正题名:全球对话主义
索取号:G05/J774=2
 
预约/预借
| 序号 | 登录号 | 条形码 | 馆藏地/架位号 | 状态 | 备注 |
| 1 | 1633830 | 216338309 | 社科库409/409社科库 55排7列1层/ [索取号:G05/J774=2] | 在馆 |